[Event "ROM-ch U14"]
[Site "Calimanesti Caciulata"]
[Date "2019.04.18"]
[Round "5"]
[White "Mihalcescu, Alexandru"]
[Black "Teodorescu, Luca Nicolae"]
[Result "1-0"]
[WhiteElo "1740"]
[BlackElo "1565"]
[PlyCount "67"]
[EventDate "2019.04.15"]
[EventType "swiss"]
[EventRounds "9"]
[EventCountry "ROU"]
[SourceTitle "CBM 190 Extra"]
[Source "ChessBase"]
[SourceDate "2019.07.15"]
[SourceVersion "1"]
[SourceVersionDate "2019.07.15"]
[SourceQuality "1"]

1. e4 e5 2. Nf3 Nc6 3. Bc4 Bc5 4. 0-0 d6 5. d3 Nf6 6. c3 a6 7. Bb3 Ba7 8. Nbd2 0-0 9. h3 Ne7 10. Re1 Ng6 11. Nf1 h6 12. Ng3 Re8 13. d4 Bd7 14. Bc2 Qc8 15. Nf5 Ne7 16. dxe5 dxe5 17. g4 Bxf5 18. gxf5 Nc6 19. Nh2 Qd8 20. Qf3 Nh7 21. Qg3 Kf8 22. Kh1 Ke7 23. Rd1 Qc8 24. Ng4 Kf8 25. Rg1 Nf6 26. Nxf6 gxf6 27. b3 Bc5 28. b4 Ba7 29. Bxh6+ Ke7 30. Bg7 Nd8 31. Bxf6+ Kd6 32. Qd3+ Bd4 33. cxd4 Kc6 34. Qc4+ 1-0

[Event "ROM-ch U14"]
[Site "Calimanesti Caciulata"]
[Date "2019.04.17"]
[Round "4"]
[White "Teodorescu, Luca Nicolae"]
[Black "Creanga, Robert Ionut"]
[Result "0-1"]
[WhiteElo "1565"]
[BlackElo "2120"]
[PlyCount "94"]
[EventDate "2019.04.15"]
[EventType "swiss"]
[EventRounds "9"]
[EventCountry "ROU"]
[SourceTitle "CBM 190 Extra"]
[Source "ChessBase"]
[SourceDate "2019.07.15"]
[SourceVersion "1"]
[SourceVersionDate "2019.07.15"]
[SourceQuality "1"]

1. e4 d6 2. d4 Nf6 3. Bd3 e5 4. dxe5 dxe5 5. Ne2 Bc5 6. 0-0 0-0 7. Nbc3 c6 8. Na4 Bd6 9. Be3 Qe7 10. Qd2 h6 11. f3 Rd8 12. a3 Nbd7 13. b4 b5 14. Nb2 Nf8 15. c4 Rb8 16. Qc2 Be6 17. Nc3 a6 18. Qe2 g5 19. Qf2 Ng6 20. Rfd1 Nf4 21. Bf1 Kg7 22. c5 Bc7 23. Rxd8 Qxd8 24. Rd1 Qe7 25. g3 Ng6 26. Be2 Rf8 27. Nd3 Nh5 28. g4 Nhf4 29. Nxf4 exf4 30. Bd4+ f6 31. Bf1 Rd8 32. Qc2 Be5 33. Bxe5 Nxe5 34. Kf2 Rd7 35. a4 Qd8 36. Rxd7+ Qxd7 37. axb5 Qd4+ 38. Kg2 axb5 39. Qb2 Qe3 40. Be2 Bc4 41. Kf1 Bxe2+ 42. Nxe2 Qxf3+ 43. Kg1 Qxg4+ 44. Kh1 Qf3+ 45. Kg1 Qxe4 46. Nd4 Qe1+ 47. Kg2 f3+ 0-1

[Event "ROM-ch U12"]
[Site "Calimanesti"]
[Date "2018.04.03"]
[Round "9"]
[White "Teodorescu, Luca Nicolae"]
[Black "Radu, Luca Ioan"]
[Result "1-0"]
[WhiteElo "1473"]
[BlackElo "1317"]
[PlyCount "120"]
[EventDate "2018.03.27"]
[EventType "swiss"]
[EventRounds "9"]
[EventCountry "ROU"]
[SourceTitle "CBM 183 Extra"]
[Source "ChessBase"]
[SourceDate "2018.04.19"]
[SourceVersion "1"]
[SourceVersionDate "2018.04.19"]
[SourceQuality "1"]

1. e4 c6 2. d4 d5 3. Nd2 dxe4 4. Nxe4 Nd7 5. Nf3 Ngf6 6. Ng3 e6 7. Bd2 Bd6 8. c4 0-0 9. Bd3 c5 10. Bc3 cxd4 11. Nxd4 Ne5 12. 0-0 Re8 13. Re1 Bd7 14. b3 Qc7 15. Qc2 Nc6 16. Nxc6 Bxc6 17. Bxf6 gxf6 18. Bxh7+ Kf8 19. Be4 Bxg3 20. fxg3 Ke7 21. Rad1 Rh8 22. Bxc6 Qxc6 23. Qe4 Qc5+ 24. Qe3 Qh5 25. h3 b6 26. g4 Qa5 27. Qd2 Qc5+ 28. Qd4 Qc6 29. Rf1 e5 30. Qd5 Qxd5 31. Rxd5 Rad8 32. Rfd1 Rxd5 33. Rxd5 Ke6 34. Kf2 a6 35. Ke3 b5 36. Rc5 Kd6 37. b4 bxc4 38. Rxc4 Rb8 39. a3 a5 40. h4 axb4 41. Rxb4 Rc8 42. Rb6+ Ke7 43. Rb3 Rc4 44. Kf3 f5 45. Rb7+ Kf8 46. gxf5 Rxh4 47. Rb4 Rh7 48. Rb5 Rh6 49. Rxe5 Ra6 50. Re3 Kg7 51. Ke4 f6 52. Kd5 Kh6 53. Rf3 Kg5 54. Kc5 Ra4 55. Kb5 Rg4 56. g3 Re4 57. a4 Kg4 58. Rf4+ Rxf4 59. gxf4 Kxf4 60. a5 Kxf5 1-0

[Event "ROM-ch U12"]
[Site "Calimanesti"]
[Date "2018.03.31"]
[Round "6"]
[White "Cristea, Matei Alexandru"]
[Black "Teodorescu, Luca Nicolae"]
[Result "1-0"]
[WhiteElo "1247"]
[BlackElo "1473"]
[PlyCount "103"]
[EventDate "2018.03.27"]
[EventType "swiss"]
[EventRounds "9"]
[EventCountry "ROU"]
[SourceTitle "CBM 183 Extra"]
[Source "ChessBase"]
[SourceDate "2018.04.19"]
[SourceVersion "1"]
[SourceVersionDate "2018.04.19"]
[SourceQuality "1"]

1. d4 Nf6 2. c4 e6 3. Nc3 d5 4. Bg5 Be7 5. e3 h6 6. Bh4 0-0 7. cxd5 Nxd5 8. Bxe7 Qxe7 9. Bd3 Nd7 10. Nge2 b6 11. a3 Bb7 12. 0-0 N7f6 13. Qd2 Rac8 14. Rac1 Rfd8 15. Rfd1 Nxc3 16. bxc3 c5 17. Qb2 e5 18. a4 Nd5 19. e4 Nf4 20. Nxf4 exf4 21. d5 f5 22. f3 fxe4 23. Bxe4 Qd6 24. c4 Re8 25. Re1 Re5 26. Bh7+ Kxh7 27. Qxe5 Qxe5 28. Rxe5 Ba6 29. Rf5 Re8 30. Rxf4 Re3 31. Rf7 Ra3 32. Rxa7 Rxa4 33. d6 Bb5 34. Rxa4 Bxa4 35. Re1 Kg6 36. Re7 Kf6 37. Rb7 Bb3 38. Rxb6 Bxc4 39. d7+ Ke7 40. Rg6 Kxd7 41. Rxg7+ Ke6 42. Kf2 Kf5 43. Rc7 Be6 44. Rxc5+ Kg6 45. Rc6 Kf7 46. Rxe6 Kxe6 47. Kg3 Kf5 48. Kh4 Kg6 49. Kg4 h5+ 50. Kf4 Kf6 51. h4 Kg6 52. Ke5 1-0

[Event "ROM-ch U12"]
[Site "Calimanesti"]
[Date "2018.03.29"]
[Round "4"]
[White "Oltean, Cristian Daniel"]
[Black "Teodorescu, Luca Nicolae"]
[Result "1-0"]
[WhiteElo "1650"]
[BlackElo "1473"]
[PlyCount "104"]
[EventDate "2018.03.27"]
[EventType "swiss"]
[EventRounds "9"]
[EventCountry "ROU"]
[SourceTitle "CBM 183 Extra"]
[Source "ChessBase"]
[SourceDate "2018.04.19"]
[SourceVersion "1"]
[SourceVersionDate "2018.04.19"]
[SourceQuality "1"]

1. e4 e5 2. Nf3 Nc6 3. Bc4 Bc5 4. c3 Nf6 5. d4 exd4 6. cxd4 Bb4+ 7. Bd2 Bxd2+ 8. Nbxd2 d5 9. exd5 Nxd5 10. 0-0 0-0 11. Re1 Nce7 12. Qb3 c6 13. Ne4 Qb6 14. Nc3 Qxb3 15. Bxb3 Nxc3 16. Rxe7 Nd5 17. Bxd5 cxd5 18. Rc1 Be6 19. Rxb7 h6 20. Rcc7 Rfc8 21. h3 a5 22. Rc5 Rab8 23. Rxc8+ Rxc8 24. Rb5 Rc1+ 25. Kh2 Rc2 26. Kg3 a4 27. a3 Kf8 28. Rb4 Ke7 29. Ne1 Rc4 30. Rxc4 dxc4 31. Kf4 Kd6 32. Ke3 f5 33. Kd2 g5 34. Kc3 Kc6 35. Nc2 f4 36. Kb4 f3 37. g4 h5 38. gxh5 Bxh3 39. h6 Bf5 40. d5+ Kd6 41. Ne3 Bd3 42. Kxa4 Kc5 43. b4+ Kd6 44. b5 Kc5 45. b6 Kxb6 46. Nxc4+ Kc5 47. Ne3 g4 48. Nxg4 Kxd5 49. h7 Bxh7 50. Nf6+ Kd4 51. Nxh7 Kd3 52. Ng5 Ke2 1-0

[Event "ROM-ch U12"]
[Site "Baile Felix"]
[Date "2017.02.09"]
[Round "9"]
[White "Teodorescu, Luca Nicolae"]
[Black "Balaban Voia, Alexandru"]
[Result "0-1"]
[WhiteElo "1406"]
[BlackElo "2004"]
[PlyCount "134"]
[EventDate "2017.02.02"]
[EventType "swiss"]
[EventRounds "9"]
[EventCountry "ROU"]
[SourceTitle "CBM 176 Extra"]
[Source "ChessBase"]
[SourceDate "2017.03.02"]
[SourceVersion "1"]
[SourceVersionDate "2017.03.02"]
[SourceQuality "1"]

1. e4 g6 2. d4 Bg7 3. Nc3 d6 4. Be3 b6 5. f3 Bb7 6. Qd2 e6 7. Bd3 Nd7 8. Nge2 c5 9. dxc5 dxc5 10. 0-0 Ne5 11. Bb5+ Bc6 12. Bxc6+ Nxc6 13. Rad1 Qxd2 14. Rxd2 Ne5 15. b3 Rd8 16. Rfd1 Rxd2 17. Rxd2 Ke7 18. Kf2 Nf6 19. Bf4 Nh5 20. Bxe5 Bxe5 21. g3 c4 22. Rd1 cxb3 23. cxb3 Rc8 24. Rc1 Rd8 25. Rd1 Rxd1 26. Nxd1 Nf6 27. Ndc3 Bd6 28. Ke3 Bc5+ 29. Kd3 Nd7 30. f4 a6 31. Nd1 f6 32. g4 Kd6 33. Ne3 b5 34. h3 Bb6 35. Ng3 Nc5+ 36. Ke2 Nd7 37. Kd3 Nc5+ 38. Ke2 a5 39. Nd1 Kc6 40. Nc3 b4 41. Nb1 a4 42. Nd2 axb3 43. axb3 Bc7 44. Kf3 Nd3 45. Ne2 Bb6 46. h4 h6 47. h5 gxh5 48. gxh5 Ba7 49. Nb1 Ne1+ 50. Kg3 Be3 51. Kg4 Kc5 52. f5 e5 53. Kg3 Kc6 54. Kg4 Kc5 55. Kg3 Kb6 56. Kg4 Kc5 57. Kg3 Bg5 58. Kf2 Nd3+ 59. Kg1 Nc1 60. Nxc1 Bxc1 61. Kf2 Kd4 62. Ke2 Kxe4 63. Nd2+ Bxd2 64. Kxd2 Kxf5 65. Kd3 e4+ 66. Kc4 e3 67. Kd3 Kf4 0-1

[Event "ROM-ch U12"]
[Site "Baile Felix"]
[Date "2017.02.06"]
[Round "6"]
[White "Costin, Alexandru"]
[Black "Teodorescu, Luca Nicolae"]
[Result "1-0"]
[WhiteElo "1727"]
[BlackElo "1406"]
[PlyCount "39"]
[EventDate "2017.02.02"]
[EventType "swiss"]
[EventRounds "9"]
[EventCountry "ROU"]
[SourceTitle "CBM 176 Extra"]
[Source "ChessBase"]
[SourceDate "2017.03.02"]
[SourceVersion "1"]
[SourceVersionDate "2017.03.02"]
[SourceQuality "1"]

1. d4 d5 2. Nf3 Nf6 3. c4 e6 4. Bg5 Be7 5. e3 0-0 6. Nc3 b6 7. cxd5 exd5 8. Bd3 Nbd7 9. 0-0 Bb7 10. Ne5 h6 11. Bxf6 Bxf6 12. f4 Nxe5 13. dxe5 Be7 14. f5 Bg5 15. f6 Bxe3+ 16. Kh1 Bg5 17. h4 gxf6 18. hxg5 fxe5 19. Qh5 Kg7 20. Rf6 1-0

[Event "ROM-ch U10"]
[Site "Calimanesti"]
[Date "2015.04.05"]
[Round "8"]
[White "Andronache, Adrian"]
[Black "Teodorescu, Luca Nicolae"]
[Result "0-1"]
[WhiteElo "1051"]
[BlackElo "1166"]
[PlyCount "106"]
[EventDate "2015.03.30"]
[EventType "swiss"]
[EventRounds "9"]
[EventCountry "ROU"]
[SourceTitle "CBM 165 Extra"]
[Source "ChessBase"]
[SourceDate "2015.04.21"]
[SourceVersion "1"]
[SourceVersionDate "2015.04.21"]
[SourceQuality "1"]

1. d4 d5 2. Nf3 Nc6 3. Bf4 a6 4. Nc3 Bf5 5. e3 Nb4 6. Bd3 Bg4 7. 0-0 Nf6 8. a3 Nc6 9. h3 Bxf3 10. Qxf3 e6 11. Rfe1 Be7 12. Re2 0-0 13. Rae1 Qd7 14. Qg3 Kh8 15. Bxc7 Rac8 16. Be5 Nh5 17. Qh2 f6 18. Bg3 Nxg3 19. Qxg3 e5 20. dxe5 fxe5 21. Na4 Qd8 22. Rd2 Bd6 23. e4 d4 24. b4 b5 25. Nb2 Nxb4 26. Rde2 Nxd3 27. Qxd3 Qe7 28. a4 Rc3 29. Qd1 Rfc8 30. axb5 axb5 31. Qb1 Qc7 32. Rc1 Ra8 33. Nd1 Rc5 34. Qb3 Qb6 35. c3 b4 36. c4 Ra3 37. Qb2 Rca5 38. Qd2 Be7 39. g3 Bc5 40. Kh1 b3 41. Rb1 Ra2 42. Qc1 Rxe2 43. Ra1 Re1+ 44. Kg2 Rxd1 45. Qxd1 b2 46. Rb1 h6 47. Qd2 Ba3 48. f4 Qc6 49. Qxa5 Qxe4+ 50. Kh2 Qxb1 51. Qxa3 Qc2+ 52. Kh1 b1R+ 53. Qc1 Rxc1# 0-1

[Event "ROM-ch U10"]
[Site "Calimanesti"]
[Date "2015.04.03"]
[Round "6"]
[White "Costescu, Mihnea Constantin"]
[Black "Teodorescu, Luca Nicolae"]
[Result "1-0"]
[WhiteElo "1001"]
[BlackElo "1166"]
[PlyCount "67"]
[EventDate "2015.03.30"]
[EventType "swiss"]
[EventRounds "9"]
[EventCountry "ROU"]
[SourceTitle "CBM 165 Extra"]
[Source "ChessBase"]
[SourceDate "2015.04.21"]
[SourceVersion "1"]
[SourceVersionDate "2015.04.21"]
[SourceQuality "1"]

1. e4 e5 2. Nf3 d6 3. Bc4 Be7 4. d4 exd4 5. Nxd4 Nf6 6. Qe2 b6 7. Nc3 Bb7 8. Bd2 0-0 9. 0-0-0 Nbd7 10. Kb1 Nc5 11. Bd3 a6 12. h4 b5 13. g4 Qd7 14. g5 Ng4 15. h5 Ne5 16. h6 g6 17. f4 Nexd3 18. cxd3 b4 19. Nd5 Bxd5 20. exd5 Rfe8 21. Qf3 a5 22. f5 Rf8 23. Rde1 Rfb8 24. Nc6 Re8 25. fxg6 fxg6 26. Rhf1 Bf8 27. Qf6 Rxe1+ 28. Rxe1 Re8 29. Rf1 Nxd3 30. Be3 Qc8 31. Bd4 Re1+ 32. Rxe1 Nxe1 33. Ne7+ Bxe7 34. Qg7# 1-0

[Event "ROM-ch U10"]
[Site "Calimanesti"]
[Date "2015.04.02"]
[Round "5"]
[White "Teodorescu, Luca Nicolae"]
[Black "Sipos, Sony Laurentiu"]
[Result "0-1"]
[WhiteElo "1166"]
[BlackElo "1292"]
[PlyCount "112"]
[EventDate "2015.03.30"]
[EventType "swiss"]
[EventRounds "9"]
[EventCountry "ROU"]
[SourceTitle "CBM 165 Extra"]
[Source "ChessBase"]
[SourceDate "2015.04.21"]
[SourceVersion "1"]
[SourceVersionDate "2015.04.21"]
[SourceQuality "1"]

1. e4 e6 2. d4 d5 3. e5 c5 4. c3 Nc6 5. Nf3 Nge7 6. Be3 Nf5 7. Bb5 Bd7 8. Qe2 Qb6 9. Bxc6 Bxc6 10. 0-0 Bb5 11. Qd2 Bxf1 12. Kxf1 Nxe3+ 13. fxe3 Be7 14. g3 0-0 15. Qe2 f6 16. Kg2 Rf7 17. Na3 Raf8 18. Rf1 fxe5 19. dxe5 c4 20. Nb1 Bc5 21. Nbd2 Bxe3 22. Nb1 Bc5 23. h3 a5 24. Qc2 h6 25. Nbd2 Be3 26. Qc1 Qc6 27. Qe1 d4 28. Kh2 Bxd2 29. Nxd2 Rxf1 30. Nxf1 Qf3 31. Kg1 dxc3 32. bxc3 b5 33. Ne3 Qh5 34. Kh2 Qxe5 35. Qd2 Rf3 36. Ng2 Qxg3+ 37. Kg1 Rd3 38. Qe2 Qxh3 39. Nf4 Qg3+ 40. Ng2 e5 41. Qh5 Rxc3 42. Qd1 b4 43. Kh1 b3 44. Qd5+ Kh7 45. Qe4+ Qg6 46. Qxe5 Rc1+ 47. Kh2 bxa2 48. Nf4 Qc2+ 49. Kg3 Rg1+ 50. Kf3 a1Q 51. Qxa1 Rxa1 52. Kg4 Rg1+ 53. Kf3 Rf1+ 54. Kg4 h5+ 55. Nxh5 Qg2+ 56. Kh4 Rh1# 0-1

[Event "ROM-ch U08"]
[Site "Calimanesti"]
[Date "2014.04.12"]
[Round "8"]
[White "Petrescu, Tudor"]
[Black "Teodorescu, Luca Nicolae"]
[Result "0-1"]
[WhiteElo "1033"]
[BlackElo "1080"]
[PlyCount "52"]
[EventDate "2014.04.06"]
[EventType "swiss"]
[EventRounds "9"]
[EventCountry "ROU"]
[SourceTitle "CBM 160 Extra"]
[Source "ChessBase"]
[SourceDate "2014.07.01"]
[SourceVersion "1"]
[SourceVersionDate "2014.07.01"]
[SourceQuality "1"]

1. e4 e5 2. Nf3 Nc6 3. Bc4 Bc5 4. c3 Nf6 5. d4 exd4 6. cxd4 Bb4+ 7. Bd2 Qe7 8. a3 Bxd2+ 9. Nbxd2 Nxe4 10. 0-0 Nxd2 11. Qxd2 0-0 12. Rae1 Qf6 13. d5 Ne7 14. Ba2 d6 15. Bb1 Bf5 16. Bxf5 Nxf5 17. Re4 Rfe8 18. Rfe1 Red8 19. Qe2 h6 20. Re8+ Rxe8 21. Qd1 Rxe1+ 22. Qxe1 Qxb2 23. Qe4 Qxa3 24. Qxf5 Qa1+ 25. Qb1 Qxb1+ 26. Ne1 Qxe1# 0-1